Τα "μικρά μετέωρα" του Λασιθίου

Saved in:
Bibliographic Details
Corporate Authors: Νομαρχιακή Αυτοδιοίκηση Λασιθίου, Μουσείο Φυσικής Ιστορίας Κρήτης
Format: Book
Language:Greek
Published: Ηράκλειο : Νομαρχιακή Αυτοδιοίκηση Λασιθίου, 2002.
Subjects:
Tags: Add Tag
No Tags, Be the first to tag this record!

MARC

LEADER 00000cam a2200000 i 4500
001 1/31796
008 060630s2002 gr | ||| |||| ||gre||
020 |a 9603670138 
035 |l 10084504 
040 |a GR-MyUa  |b gre  |e AACR2 
041 0 |a gre 
082 7 |a 577.094959   |2 (22) 
110 2 |a Νομαρχιακή Αυτοδιοίκηση Λασιθίου. 
245 1 3 |a Τα "μικρά μετέωρα" του Λασιθίου /   |c Νομαρχιακή Αυτοδιοίκηση Λασιθίου ; Μουσειο Φυσικής Ιστορίας Κρήτης 
260 |a Ηράκλειο :   |b Νομαρχιακή Αυτοδιοίκηση Λασιθίου,   |c 2002. 
300 |a 104 σ. :   |b έγχρ. εικ., χάρτ. ;   |c 22 εκ. 
651 0 |a Lasithi (Greece)  |x Geology. 
650 0 |a Formations (Geology)  |z Greece  |z Lasithi. 
650 0 |a Ecology  |z Greece  |z Lasithi. 
651 0 |a Lasithi (Greece)  |x Description and travel. 
710 2 |a Μουσείο Φυσικής Ιστορίας Κρήτης. 
852 |a INST  |b LESVOS  |e 20060630  |h 577.094959 ΝΟΜ  |p 005100037205  |q 005100037205  |t BK  |y 0 
901 |a BIBL1-2006-2 
970 |a ΚΑΡΑ  |b ΓΙΑΣΕΜΗ  |z 2006/06/30